| 000 | 00459nam a2200169Ia 4500 | ||
|---|---|---|---|
| 003 | GCL | ||
| 008 | 140319s9999 xx 000 0 eng d | ||
| 040 |
_aGCL / _cGCL |
||
| 082 | 0 | 4 |
_a610.92 _bD P |
| 100 | 1 | _aDENNISTON, C, PHILIP | |
| 245 | 1 | 0 |
_a1995 PHYSICIANS GENRAL: THE COMPLETE DRUG REFERENCE / _cDENNISTON, C, PHILIP |
| 260 |
_a[S.N] : _bMOSBY YEAR BOOK ، _c1995 |
||
| 300 | _a1991 | ||
| 650 | 0 | 4 | _aPHYSICIANS |
| 650 | 0 | 4 | _aMEDICINE |
| 942 |
_2ddc _cBK |
||
| 999 |
_c10831 _d10831 |
||